Score 0/16 Timer 03:00
0 Plays Today
% Correct
Hard
99.3%
Sixth
97.4%
Pulp
95.4%
Conan
88.7%
King
83.4%
Man
76.6%
Witch
76%
Sin
73%
% Correct
Lies
71.7%
Blood
70.6%
Last
65.1%
Mom
57.4%
Tango
55.3%
Walking
54.9%
Fast
43.8%
Running
28%

Today's Daily Dose

Remove Ads.
Support Sporcle.
Get the best of Sporcle when you Go Orange. This ad-free experience offers more features, more stats, and more fun while also helping to support Sporcle. Thank you for becoming a member.

You're not logged in!

Compare scores with friends on all Sporcle quizzes.
OR
Log In

Show Comments

Extras

Top Quizzes Today


Score Distribution

Your Account Isn't Verified!

In order to create a playlist on Sporcle, you need to verify the email address you used during registration. Go to your Sporcle Settings to finish the process.

Report this User

Report this user for behavior that violates our Community Guidelines.

Details: